Science Quiz

Random Science or Chemistry Quiz

'D' in Science Quiz Stats

 Plays Quiz Updated Sep 19, 2016

Score 0/20 Timer 05:00
0 Plays Today
Question Answer % Correct
The stomach, colon, small intenstine, and appendix are all part of what human body system?digestive system
96.2%
'Double Helix' is used to describe the shape of what genetic acid?DNA
95.5%
What is the surname of the scientist who proposed the theory of natural selection?Darwin
92%
What Greek letter is used to denote change?delta
90.6%
What is calculated by dividing mass by volume?density
86.3%
Which aquatic mammal uses echolocation to navigate and hunt?dolphin
83.4%
What naturally-occurring mineral tops the Mohs Hardness Scale at 10?diamond
79.9%
What is the large, triangular muscle covering the shoulder joint in humans?deltoid
69.8%
What type of matter neither emits nor scatters light or other electromagnetic radiation?dark matter
69.7%
Apoptosis means that cells, especially malfunctioning or damaged ones, become programmed for what?death
65.3%
Question Answer % Correct
What superorder of reptiles is from the Greek bases meaning 'Terrible Lizard'?dinosaur
63.8%
What is the logarithmic unit often used to measure acoustics and electronics?decibel
59.2%
What clinical process removes waste and excess water from the blood?dialysis
58.2%
What invention was patented by Alfred Nobel in 1867?dynamite
58.1%
What term is the opposite of nocturnal?diurnal
55.3%
What describes the movement of particles in fluid from higher to lower concentrations?diffusion
52.9%
What term refers to the change in frequency of a wave for an observer moving relative to the wave's source?Doppler Effect
49.6%
Who was the French philosopher, mathematician, and scientist who described the mind as nonmaterial?Descartes
46.8%
What force resists the motion of an object through a liquid or gas?drag
41.8%
What phenomenon is described as the apparent bending of waves around small obstacles?diffraction
34.4%

You're not logged in!

Compare scores with friends on all Sporcle quizzes.
OR
Log In

You Might Also Like...

Show Comments

Extras

Top Quizzes Today


Score Distribution

Your Account Isn't Verified!

In order to create a playlist on Sporcle, you need to verify the email address you used during registration. Go to your Sporcle Settings to finish the process.

Report this User

Report this user for behavior that violates our Community Guidelines.

Details: